000 00443nam a2200169 a 4500
005 20140412111429.0
008 090226s19uu xx 00 eng d
020 _a0-590-48369-2
050 _aTR(PS E
_bSo13 2003
100 _aMaccarone, Grace
245 _aSoccer Game! /
_cGrace Maccarone.
260 _aU.S.A :
_bScholastic,
_c2003.
300 _aunp.
440 _aScholastic reader 1
650 _aStories in rhyme
999 _c106322
_d106322